The Quran & modern science

Bibliographic Details
Main Author: Bucaille, Maurice (Author)
Corporate Author: Angkatan Belia Islam Malaysia
Format: Book
Language:English
Published: Kuala Lumpur : ABIM [n.d.]
Subjects:

MARC

LEADER 00000cam a2200000 7i4500
001 0000000006
005 20240919.0
008 991120 my eng
040 |a INS   |b eng   |e rda 
090 0 0 |a BP190.5.S3   |b .B84 
100 1 |a Bucaille, Maurice ,   |e author 
245 1 4 |a The Quran & modern science   |c Dr. Maurice Bucaille 
264 1 |a Kuala Lumpur :   |b ABIM   |c [n.d.] 
300 |a 22 pages ;   |c 22 cm. 
336 |a text  |2 rdacontent 
337 |a unmediated  |2 rdamedia 
338 |a volume  |2 rdacarrier 
650 0 |a Islam and science 
650 0 |a Koran and science 
710 2 |a Angkatan Belia Islam Malaysia 
999 |a 0000002308   |b BOOK   |c Open Shelf   |e Default branch